| 000 | 00515nam a2200181Ia 4500 | ||
|---|---|---|---|
| 005 | 20250508165158.0 | ||
| 008 | 008 250505s9999 xx 000 0 eng d | ||
| 037 | _aTextual | ||
| 040 |
_aFEDL _beng _cFEDL |
||
| 041 |
_aeng _2eng |
||
| 084 |
_a372, EKL _qFEDL |
||
| 245 | 0 | _aPrashika: Eklavya's innovative experiment in primary education | |
| 245 | 0 | _cEKLAVYA | |
| 260 |
_aDelhi, India _bRatan Sagar Pvt. Ltd. _c1994 |
||
| 300 | _a160 p. | ||
| 942 |
_cTEXL _h372, EKL |
||
| 999 |
_c1393615 _d1393615 |
||